000 00737nam a2200289Ia 4500
005 20260324112606.0
008 008 260324s9999 xx 000 0 eng d
020 _a9781003409076
037 _aEBOOK
040 _aCRL
040 _beng
040 _cCRL
041 _2eng
041 _aeng
084 _qCRL
100 _aRob Montgomery; Amanda Montgomery
_91143340
245 0 _aPlace-Based Writing in Action
245 0 _bOpportunities for Authentic Writing in the World Beyond the Classroom
260 _bTaylor and Francis
260 _c2024
365 _a
365 _b230
856 _uhttp://www.taylorfrancis.com/books/9781003409076
942 _cEBOOK
999 _c1732598
_d1732598